header

The right skills for the job? (Record no. 84815)

MARC details
000 -LEADER
fixed length control field 01510nam a2200397 a 4500
082 04 - DEWEY DECIMAL CLASSIFICATION NUMBER
Classification number 658.3/124
245 04 - TITLE STATEMENT
Title The right skills for the job?
260 ## - PUBLICATION, DISTRIBUTION, ETC. (IMPRINT)
Place of publication Washington, D.C. :
Name of publisher World Bank,
Year of publication 2012.
300 ## - PHYSICAL DESCRIPTION
Number of Pages xvi, 169 p. :
Other physical details ill.
490 1# - SERIES STATEMENT
Series statement Human development perspectives
650 #0 - SUBJECT ADDED ENTRY--TOPICAL TERM
Topical Term Occupational training.
Topical Term Employees
Topical Term Vocational education.
Topical Term Manpower policy.
700 1# - ADDED ENTRY--PERSONAL NAME
Personal name Almeida, Rita.
Personal name Behrman, Jere.
Personal name Robalino, David.
856 40 - ELECTRONIC LOCATION AND ACCESS
Uniform Resource Identifier http://site.ebrary.com/lib/rucke/Doc?id=10580580

No items available.

© 2026 Rongo University
Contact us: librarian | system librarian | Rongo university